000 00649nam a2200241 a 4500
003 AR-BaBNM
005 20251128203236.0
008 082120s2002 ||||||||||||||000 | spa||
020 _a2-03-800040-9
040 _cAR-BaBNM
100 1 _aDubois, Jean
245 0 0 _aGrammaire et ejercices de français de la sixième a la troisième
250 _a1ª ed.
260 _aParis
_bLarousse
_c1984
300 _a304 p.
500 _aContiene los programas oficiales para la enseñanza del francés
650 4 _aFRANCES
650 4 _aGRAMATICA
653 _aENSENANZA DE LA LENGUA
700 1 _aJouannon, Guy
942 _cBK
998 _cisola
999 _c2541
_d2541